| 000 | 01120nam a2200289Ia 4500 | ||
|---|---|---|---|
| 001 | ebr10039006 | ||
| 003 | CaPaEBR | ||
| 006 | m u | ||
| 007 | cr cn||||||||| | ||
| 008 | 010823s2002 nyu sb 001 0 eng d | ||
| 010 | _z 2001053170 | ||
| 020 | _z0333968808 (cloth) | ||
| 040 |
_aCaPaEBR _cCaPaEBR |
||
| 035 | _a(OCoLC)56118505 | ||
| 050 | 1 | 4 |
_aJA81 _b.W66 2002eb |
| 100 | 1 | _aWood, Neal. | |
| 245 | 1 | 0 |
_aReflections on political theory _h[electronic resource] : _ba voice of reason from the past / _cNeal Wood. |
| 260 |
_aNew York : _bPalgrave, _c2002. |
||
| 300 | _ax, 189 p. | ||
| 504 | _aIncludes bibliographical references and index. | ||
| 533 |
_aElectronic reproduction. _bPalo Alto, Calif. : _cebrary, _d2009. _nAvailable via World Wide Web. _nAccess may be limited to ebrary affiliated libraries. |
||
| 650 | 0 |
_aPolitical science _xHistory. |
|
| 650 | 0 |
_aPolitical science _xPhilosophy. |
|
| 655 | 7 |
_aElectronic books. _2local |
|
| 710 | 2 | _aebrary, Inc. | |
| 856 | 4 | 0 |
_uhttp://site.ebrary.com/lib/rucke/Doc?id=10039006 _zAn electronic book accessible through the World Wide Web; click to view |
| 999 |
_c165891 _d165891 |
||